000 00287nam a2200121Ia 4500
008 191201s2016 xx 000 0 und d
100 _aO'BRIAN, James A
245 0 _aManagement Information Systems
250 _aRep
260 _c2016
_bTMH
_aNew Delhi
300 _a954
942 _2ddc
_cBK
999 _c8156
_d8156